The illustrated dictionary of building terms /

Gorde:
Xehetasun bibliografikoak
Egile nagusia: Philbin, Tom, 1934-
Formatua: Liburua
Hizkuntza:English
Argitaratua: New York : McGraw-Hill, 1997.
Gaiak:
Etiketak: Etiketa erantsi
Etiketarik gabe, Izan zaitez lehena erregistro honi etiketa jartzen!
Thư viện lưu trữ: Mạng thư viện Đại học Đà Nẵng
LEADER 01047cam a2200337 i 4500
001 000046459
003 5929
005 20030217170257.0
008 010220|1997 vm 000 eng
020 |a 007049729X 
040 |a IRC  |c IRC  |d IRC 
041 0 |a eng 
082 1 4 |a 690.03  |b PH-T 
100 1 |a Philbin, Tom,  |d 1934- 
245 0 4 |a The illustrated dictionary of building terms /  |c Tom Philbin, 1934- 
260 |a New York :  |b McGraw-Hill,  |c 1997. 
300 |a v, 249p. :  |b ill. 
630 0 4 |a Building. 
650 0 4 |a Building  |v Dictionaries. 
OWN |a DUT 
AVA |a UDN50  |b DUT  |c Book  |d 690.03 PH-T  |e available  |t Error 5001 Not defined in file expand_doc_bib_avail.  |f 1  |g 0  |h N  |i 0  |j SH  |k 1 
999 |a From the UDN01 
AVA |a UDN50  |b DUT  |c Book  |d 690.03 PH-T  |e available  |t Error 5001 Not defined in file expand_doc_bib_avail.  |f 1  |g 0  |h N  |i 0  |j SH  |k 1 
TYP |a Monograph 
TYP |a Printed language 
980 |a Mạng thư viện Đại học Đà Nẵng